| 000 | 00633nam a2200217 i 4500 | ||
|---|---|---|---|
| 001 | bgj | ||
| 100 | 1 |
_aOWENS, Robert E. _c(Jr.) |
|
| 245 | 1 | 0 |
_aLanguage development : _ban introduction / _cRobert E. Owens. |
| 260 |
_aColumbus : _bCharles E. Merrill Publishing Company, _cc. 1984. |
||
| 300 |
_aXIV, 394 pp ; _c25 cm. |
||
| 504 | _aBibliography p. 337-374. | ||
| 505 | _aIncludes glossary and indexes. | ||
| 650 | 9 | _aLanguage acquisition | |
| 650 | 9 | _aLinguistics | |
| 020 | _a067520257 (pbk) | ||
| 040 | _cBPK | ||
| 041 | _aeng | ||
| 920 | _a0-675-20257 (pbk) | ||
| 942 | _cKS | ||
| 008 | s uk f |000 0 eng | ||
| 999 |
_c41270 _d41270 |
||
| 856 |
_uhttp://koha.tu.koszalin.pl/cgi-bin/koha/opac-detail.pl?biblionumber=41270 _yKatalog online BPK |
||